| 000 | 01288cam a22003497a 4500 | ||
|---|---|---|---|
| 003 | CHAP | ||
| 005 | 20220329141520.0 | ||
| 008 | 971013s1989 r 00010 d | ||
| 010 | _a69387 | ||
| 011 | _a70359 | ||
| 035 | _a79840 | ||
| 040 | _cCHAP | ||
| 090 | _aTesis | ||
| 100 | 0 | 0 |
_aMartínez Rodríguez, Rafael Paulino. _972474 |
| 245 | 0 | _aAlgunas alternativas para la planeación de la operación del Distrito de Riego No. 30, Valsequillo, Puebla | |
| 260 |
_aMontecillo, Méx. : _bEl autor, _c1989 |
||
| 300 |
_a189 h. _b; gráfs. |
||
| 502 | _aTesis (Maestro en Ciencias Esp. en Hidrociencias) -- CP. Centro de Hidrociencias | ||
| 590 |
_aALEPH _b10 _c20130110 _lUCH01 _h1407 |
||
| 590 |
_aBATCH-UPD _b10 _c20130110 _lUCH01 _h0013 |
||
| 590 |
_aBATCH-UPD _b10 _c20130110 _lUCH01 _h0705 |
||
| 590 |
_aBATCH-UPD _b10 _c20130409 _lUCH01 _h1951 |
||
| 590 |
_aBATCH-UPD _b10 _c20130410 _lUCH01 _h0350 |
||
| 590 |
_aBATCH-UPD _b10 _c20130914 _lUCH01 _h1209 |
||
| 590 |
_aCONVERSION _b10 _c20130109 _lUCH01 _h1338 |
||
| 650 | 1 | 4 |
_aDistrito de Riego Valsequillo, Pue. _932954 |
| 650 | 1 | 4 |
_aIrrigación _xPuebla. _960476 |
| 710 | 0 |
_aColegio de Postgraduados. Chapingo, Méx. Centro de Hidrociencias. _925085 |
|
| 901 | _aBK | ||
| 942 | _cTESIS | ||
| 949 |
_bBC _cTES _d-32730 _eTS1 _h22168 _i79840 _si |
||
| 999 |
_c69387 _d69387 |
||